| 000 | 00391nam a22001577a 4500 | ||
|---|---|---|---|
| 003 | CEME | ||
| 005 | 20210628202255.0 | ||
| 008 | 210301b xxu||||| |||| 00| 0 eng d | ||
| 040 | _c. | ||
| 082 | _a0333 WAS | ||
| 100 |
_aSadiq Hussain Tariq _959104 |
||
| 245 | _aQuad-i-azam muhammad ali jinnah pasbane millat | ||
| 260 |
_aLAHORE _bPDF _c2000 |
||
| 650 |
_aURDU _916759 |
||
| 942 |
_cBK _2ddc |
||
| 999 |
_c569155 _d569155 |
||